000 00586nam a2200205 a 4500
005 20210219152849.0
008 991125n 000 0 spa u
035 _aUPN01000063970
100 1 _aAlvarez Quiñoes, Roberto
222 _aEDUCACION (CUBA)
245 _aAnalfabetismo funcional y crisis educacional
300 _a98-103
362 0 _a1989 Año 19, no. 74, jul.-sept.
653 0 _aANALFABETISMO FUNCIONAL
653 0 _aESTADOS UNIDOS DE AMERICA
653 0 _aSISTEMA EDUCATIVO NACIONAL
653 0 _aCRISIS EDUCATIVA
904 _aAC
_b001781
905 _aArticulo
999 _c62345
_d62345